Toutes les gares ferroviaires en Indre-et-Loire - Statistiques

Statistiques générales
  • Ce quiz a été pris 17 fois
  • Le résultat moyen est 20 sur 46
Statistiques - réponses
Fréquentation annuelle Nom de la gare % Correct
201 445 Chinon
100%
4 356 356 Saint-Pierre-des-Corps
100%
7 013 155 Tours
100%
143 612 Loches
83%
134 378 Montlouis-sur-Loire
83%
855 042 Amboise
67%
73 714 Chenonceaux
67%
65 666 Joué-lès-Tours
67%
20 791 Azay-sur-Cher
50%
40 844 Ballan-Miré
50%
220 895 Bléré - La Croix
50%
110 831 Château-Renault
50%
/ (ouverture décembre 2025) Fondettes
50%
307 322 Langeais
50%
56 192 Monnaie
50%
19 969 Montbazon
50%
193 782 Monts
50%
10 491 Neuillé-Pont-Pierre
50%
6 565 Notre-Dame-d'Oé
50%
2 080 Savonnières
50%
16 760 Veigné
50%
130 435 Azay-le-Rideau
33%
186 647 Cinq-Mars-la-Pile
33%
40 630 Esvres sur Indre
33%
1 467 La Membrolle-sur-Choisille
33%
41 175 Maillé
33%
4 278 Noizay
33%
166 392 Port Boulet
33%
54 807 Port-de-Piles
33%
33 467 Rivarennes
33%
146 892 Sainte-Maure - Noyant
33%
986 Saint-Genouph
33%
59 516 Saint-Martin-le-Beau
33%
19 548 Saint-Paterne-Racan
33%
48 152 Véretz - Montlouis
33%
69 586 Villeperdue
33%
3 926 Chambourg-sur-Indre
17%
40 543 Cormery
17%
2 971 Courcay - Tauxigny
17%
23 051 Druye
17%
3 371 La Chapelle-sur-Loire
17%
9 979 La Douzillère
17%
11 081 Limeray
17%
8 922 Reignac-sur-Indre
17%
18 277 Saint-Antoine-du-Rocher
17%
18 215 Saint-Patrice
17%
Aucun quiz correspondant
Distribution des résultats
% des personnes avec chaque résultat
Percentile par nombre de réponses
Votre historique - résultats
Vous n’avez pas pris ce quiz